| 000 | 00829nam a22002897a 4500 | ||
|---|---|---|---|
| 003 | DO-SdBPM | ||
| 005 | 20250711103001.0 | ||
| 007 | ta | ||
| 008 | 161031b2012 ck a | 00| 0 spa d | ||
| 020 | _a9583363189 | ||
| 040 |
_aDO-SdBPM _bspa _cBPMSU _erda |
||
| 082 | 4 |
_a133.3 _bR116h 2012 _222 |
|
| 100 | 1 |
_aRabolú, V. M. _eautor _c |
|
| 245 | 1 | 0 |
_aHercólubus o planeta rojo / _cJoaquín Enrique Amórtegui Valbuena (V. M. Rabolú) |
| 250 | _a6a. ed. | ||
| 260 | _c | ||
| 264 |
_aColombia : _bFundación V. M. Rabolú, Pereira, _c2012 |
||
| 300 |
_a50 páginas : _bilustraciones ; _c20 cm. |
||
| 590 | _aInventariado, 2025/VM | ||
| 650 | 7 | _aPredicciones | |
| 650 | 7 | _aDesastres | |
| 650 | 7 | _aSucesos. | |
| 650 | 7 | _aTerremotos. | |
| 651 | _2 | ||
| 910 | _aVMateo V. Control de calidad. BPMSU | ||
| 942 |
_2ddc _cBK |
||
| 999 |
_c12644 _d12644 |
||